Дело по вопросу об обязательной подписке на Дневник законов Царства Польского. Тут же о подписке на Сенатские ведомости

Доступно только в Электронных читальных залах Найти на картеНа карте
RUSMARC
00003745nmc2a22002413x 450
00181a819ee-dc36-4b27-b10b-0c6b5b3a99dd
00520220226065703.0
100##$a20210929l18701873k l0rusy0189 ca
1010#$arus
102##$aRU
105##$ay###
1222#$ad
2001#$aДело по вопросу об обязательной подписке на Дневник законов Царства Польского. Тут же о подписке на Сенатские ведомости
$j13 февраля 1870 г. - 20 мая 1873 г.
215##$a49 л.
$d36,5х26 см
251##$cДело
300##$aРазряд общих дел
371##$aДокумент не является опубликованным и широко распространяемым
461#0$1001a74412a3-3cc5-4d21-8f0a-dfe2fbd9e72d
$12001
$aДепартамент народного просвещения Министерства народного просвещения (1803-1917)
$1251
$cФонд
$1852
$j733
462#0$1001def5ee04-6d5b-484d-b3fa-94cb22505477
$12001
$aДела разряда Варшавского учебного округа Министерства народного просвещения
$1251
$cОпись
$1852
$j198
801#0$aRU
$bРГИА
$c20210929
$gRCR
801#1$aRU
$bГлавНИВЦ
$c20210929
$2rusmarc
801#2$aRU
$bПБ им. Б.Н. Ельцина
$c20220226
$gRCR
$2rusmarc
850##$aРГИА
852##$aРГИА
$eФедеральное казенное учреждение "Российский государственный исторический архив" (РГИА)
$j43
937##$hРГИА
$d12369342
$aASBIBLIO_SCAN
035##$aRusGRCC00036160
856##$uhttp://readingroom.main.prlib.ru/item.aspx?id_node=n174625313&mode=full
Формат отображения